Statistics for Overwatch League Season 3 Rosters

Click here to take the quiz!

General Stats

  • This quiz has been taken 588 times
    (525 since last reset)
  • The average score is 137 of 202

Answer Stats

TeamRolePlayer% Correct
Atlanta ReignTankGator
93%
Atlanta ReignTankHawk
92%
San Francisco ShockTanksuper
92%
San Francisco ShockTanksmurf
89%
San Francisco ShockSupportmoth
88%
San Francisco ShockDPSStriker
88%
San Francisco ShockSupportViol2t
88%
San Francisco ShockDPSANS
87%
Philadelphia FusionDPSCarpe
87%
San Francisco ShockTankChoiHyoBin
87%
New York ExcelsiorSupportJJoNak
87%
Paris EternalDPSSp9rk1e
87%
Chengdu HuntersTankAmeng
86%
Atlanta ReignDPSEdison
86%
Philadelphia FusionSupportFunnyAstro
86%
Seoul DynastyDPSProfit
86%
Los Angeles GladiatorsTankSPACE
86%
San Francisco ShockSupportTwilight
86%
Washington JusticeDPSDecay
85%
Shanghai DragonsTankFearless
85%
San Francisco ShockDPSRascal
85%
Philadelphia FusionSupportAlarm
84%
Shanghai DragonsDPSFleta
84%
New York ExcelsiorTankMano
84%
Paris EternalTankBenBest
83%
Houston OutlawsDPSDanteh
83%
Atlanta ReignSupportDogman
83%
Seoul DynastyTankGesture
83%
Paris EternalTankHanbin
83%
Atlanta ReignSupportMasaa
83%
Philadelphia FusionTankPoko
83%
Philadelphia FusionTankSADO
83%
Florida MayhemDPSYaki
83%
Paris EternalSupportFielder
82%
Philadelphia FusionTankFury
82%
Los Angeles ValiantDPSKSP
82%
Shanghai DragonsTankVoid
82%
Florida MayhemDPSBQB
81%
Philadelphia FusionDPSEqo
81%
Atlanta ReignDPSErster
81%
Florida MayhemTankFate
81%
Paris EternalSupportFDGod
81%
Chengdu HuntersDPSLeave
81%
Shanghai DragonsDPSLIP
81%
Hangzhou SparkDPSArchitect
80%
Los Angeles GladiatorsDPSbirdring
80%
Los Angeles ValiantDPSKSF
80%
New York ExcelsiorSupportAnamo
79%
Dallas FuelDPSDoha
79%
Seoul DynastyDPSFITS
79%
Boston UprisingTankFusions
79%
London SpitfireDPSGlister
79%
Hangzhou SparkTankguxue
79%
Chengdu HuntersDPSJinMu
79%
Los Angeles ValiantTankMcGravy
79%
Los Angeles GladiatorsTankOGE
79%
Paris EternalDPSXzi
79%
Chengdu HuntersSupportYveltal
79%
Los Angeles GladiatorsSupportBigGoose
78%
Guangzhou ChargeTankCr0ng
78%
Shanghai DragonsSupportIzayaki
78%
Los Angeles GladiatorsDPSkevster
78%
Shanghai DragonsSupportLeeJaeGon
78%
Paris EternalDPSSoOn
78%
Florida MayhemTankGargoyle
77%
Seoul DynastyTankMarve1
77%
Houston OutlawsTankMekO
77%
Atlanta ReignTankPokpo
77%
San Francisco ShockDPSta1yo
77%
Boston UprisingDPSColourhex
76%
Philadelphia FusionDPSHeesu
76%
Houston OutlawsTankMuma
76%
Guangzhou ChargeDPSnero
76%
Boston UprisingTankPunk
76%
Los Angeles GladiatorsSupportShaz
76%
Dallas FuelTankGamsu
75%
New York ExcelsiorTankHOTBA
75%
Dallas FuelTankNotE
75%
Guangzhou ChargeSupportShu
75%
Chengdu HuntersTankElsa
74%
Atlanta ReignTankfrd
74%
Florida MayhemSupportGangnamjin
74%
Guangzhou ChargeDPSHappy
74%
Washington JusticeTankJJANU
74%
Los Angeles ValiantSupportLastro
74%
Boston UprisingSupportMyunb0ng
74%
Guangzhou ChargeTankRio
74%
Philadelphia FusionSupportBoombox
73%
Shanghai DragonsDPSdiem
73%
Los Angeles ValiantTankDreamer
73%
Guangzhou ChargeDPSEileen
73%
Houston OutlawsDPSHydration
73%
Philadelphia FusionDPSIvy
73%
New York ExcelsiorDPSLibero
72%
Washington JusticeSupportAimGod
71%
Dallas FuelSupportCrimzo
71%
New York ExcelsiorDPSHaksal
71%
Houston OutlawsSupportJecse
71%
Chengdu HuntersTankLateYoung
71%
Los Angeles GladiatorsDPSMirroR
71%
Los Angeles ValiantDPSShax
71%
Seoul DynastySupporttobi
71%
Toronto DefiantDPSAgilities
70%
Washington JusticeSupportArK
70%
Hangzhou SparkSupportBeBe
70%
Seoul DynastySupportCreative
70%
New York ExcelsiorDPSSaebyeolbe
70%
Vancouver TitansDPSsHockWave
70%
Shanghai DragonsTankStand1
70%
London SpitfireTankBERNAR
69%
Boston UprisingDPSJerry
69%
Toronto DefiantSupportKariV
69%
Vancouver TitansDPSDalton
68%
Paris EternalDPSNiCOgdh
68%
Houston OutlawsSupportRapel
68%
Dallas FuelSupportCloser
67%
Atlanta ReignSupportFire
67%
Chengdu HuntersSupportMolly
67%
Washington JusticeDPSTTuba
67%
New York ExcelsiorDPSWhoRU
67%
Los Angeles ValiantSupportRaiN
66%
Washington JusticeTankrOar
66%
Toronto DefiantDPSSurefour
66%
Hangzhou SparkSupportiDK
65%
Toronto DefiantDPSLogix
65%
Washington JusticeDPSStitch
65%
Toronto DefiantTankBeast
64%
Florida MayhemSupportKris
64%
Houston OutlawsDPSLiNkzr
64%
Seoul DynastyTankMichelle
64%
Dallas FuelDPSOnigod
64%
Shanghai DragonsTankGeguri
63%
Toronto DefiantTankNevix
63%
Vancouver TitansSupportRoolf
63%
Seoul DynastySupportSLIME
63%
Seoul DynastySupportBdosin
61%
Hangzhou SparkDPSGodsB
61%
Vancouver TitansTankKSAA
61%
New York ExcelsiorDPSNenne
61%
Paris EternalTankNoSmite
61%
New York ExcelsiorTankBiaNcA
60%
London SpitfireSupportSanGuiNar
60%
Guangzhou ChargeSupportChara
59%
Philadelphia FusionDPSChipSa
59%
Los Angeles ValiantTankGiG
59%
Boston UprisingSupportHalo
59%
Hangzhou SparkTankRia
59%
Florida MayhemDPSSayaplayer
59%
Vancouver TitansTankShRedlock
59%
Seoul DynastyTankToyou
59%
London SpitfireTankJMAC
58%
Vancouver TitansSupportCarCar
57%
Los Angeles GladiatorsTankLhCloudy
57%
Atlanta ReignDPSSharP
57%
Chengdu HuntersDPSBaconjack
56%
Dallas FuelSupportPaintbrush
56%
Houston OutlawsDPSblase
55%
Shanghai DragonsDPSDDing
55%
Atlanta ReignSupportLr1s
55%
Guangzhou ChargeSupportneptuNo
55%
Shanghai DragonsSupportLuffy
54%
New York ExcelsiorSupportMandu
54%
London SpitfireSupportKrillin
53%
Hangzhou SparkSupportColdest
52%
Vancouver TitansDPSTsuna
52%
Dallas FuelSupportuNKOE
52%
Dallas FuelDPSaKm
51%
Hangzhou SparkDPSAdo
50%
London SpitfireDPSALTHOUGH
50%
Boston UprisingTankAxxiom
49%
Houston OutlawsSupportBoink
49%
Chengdu HuntersSupportKyo
49%
Toronto DefiantTanknumlocked
49%
Atlanta ReignDPSSaucy
49%
Los Angeles ValiantDPSApply
48%
Florida MayhemTankKarayan
48%
Hangzhou SparkSupportM1ka
48%
Dallas FuelTankTrill
48%
Florida MayhemSupportByrem
47%
Hangzhou SparkTankQoQ
47%
Hangzhou SparkDPSAdora
46%
Shanghai DragonsDPSDiya
46%
Chengdu HuntersTankATing
45%
Toronto DefiantSupportKruise
45%
Chengdu HuntersSupportLengsa
45%
London SpitfireDPSBabel
44%
Seoul DynastyDPSILLICIT
44%
Los Angeles GladiatorsTankBischu
43%
London SpitfireSupportHighly
43%
Los Angeles GladiatorsDPSJaru
43%
Paris EternalTankSmex
43%
Hangzhou SparkTankSASIN
41%
London SpitfireDPSSchwi
41%
London SpitfireTankClestyn
40%
London SpitfireTankJihun
39%
Toronto DefiantDPSzYKK
39%
London SpitfireSupportFuze
38%
Guangzhou ChargeDPSKrystal
38%
Boston UprisingTankmikeyy
35%
Toronto DefiantSupportRoKy
35%
Toronto DefiantDPSMangachu
34%
Guangzhou ChargeSupportWya
34%

Score Distribution

Percentile by Number Answered

Percent of People with Each Score

Your Score History

You have not taken this quiz since the last reset